Hệ thống hóa kiến thức & giới thiệu một số đề thi tốt nghiệp THPT tuyển sinh Đại học, Cao đẳng môn Vật lí
Quyển sách gồm hai phần: Phần một: Hệ thống hoá kiến thức trọng tâm, cung cấp các dạng câu hỏi lí thuyết, các dạng toán thường gặp trong các đề thi. Phần hai: Giới thiệu một số đề thi tôt nghiệp THPT, tuyển sinh Đại học cao đẳng những...
Đã lưu trong:
| Tác giả chính: | |
|---|---|
| Định dạng: | Sách |
| Ngôn ngữ: | Undetermined |
| Được phát hành: |
Hà Nội
Giáo dục Việt Nam
2011
|
| Những chủ đề: | |
| Các nhãn: |
Thêm thẻ
Không có thẻ, Là người đầu tiên thẻ bản ghi này!
|
| Thư viện lưu trữ: | Trung tâm Học liệu Trường Đại học Cần Thơ |
|---|
| LEADER | 01285nam a2200217Ia 4500 | ||
|---|---|---|---|
| 001 | CTU_188343 | ||
| 008 | 210402s9999 xx 000 0 und d | ||
| 020 | |c 35000 | ||
| 082 | |a 530.0712 | ||
| 082 | |b D513 | ||
| 100 | |a Lê, Phước Dũng | ||
| 245 | 0 | |a Hệ thống hóa kiến thức & giới thiệu một số đề thi tốt nghiệp THPT tuyển sinh Đại học, Cao đẳng môn Vật lí | |
| 245 | 0 | |c Lê Phước Dũng (Chủ biên), Nguyễn Thái Dương | |
| 260 | |a Hà Nội | ||
| 260 | |b Giáo dục Việt Nam | ||
| 260 | |c 2011 | ||
| 520 | |a Quyển sách gồm hai phần: Phần một: Hệ thống hoá kiến thức trọng tâm, cung cấp các dạng câu hỏi lí thuyết, các dạng toán thường gặp trong các đề thi. Phần hai: Giới thiệu một số đề thi tôt nghiệp THPT, tuyển sinh Đại học cao đẳng những năm gần đây, bổ sung một số đề thi tham khảo và đáp án. | ||
| 650 | |a Physics,Vật lý | ||
| 650 | |x Study and teaching (secondary),Dạy và học (Trung học) | ||
| 910 | |a Anh Đào,Hải | ||
| 980 | |a Trung tâm Học liệu Trường Đại học Cần Thơ | ||